000 00977cam a2200229 4500
001 WB3806-37
008 020212n2002 000 0 eng u
035 _a(Sirsi) u116694
245 _aEU expansion plans 'fair'
260 _c2002
490 _aFarmers' Weekly
_v8 February 2002, 25(1)
520 _aDiscusses the new Brussels proposals for taking in another 10 member states from central and eastern Europe. EU farm commissioner Franz Fischler sees the plans as fair but candidate countries argue they are being sold short and are angry with the terms surrounding direct payment. The proposals have to be examined by member states in the various EU councils with the aim of agreeing terms by the end of 2002. Tables.
590 _aWB
650 _aEUROPEAN COMMISSION
650 _aEU
650 _aFARMERS
650 _aFARM SUBSIDIES
650 _aDIRECT PAYMENTS
650 _aFARMING INDUSTRY
690 _aRURAL-AGRICULTURE AND FORESTRY
942 _n0
999 _c69500
_d69500